|
|
|
|
| LEADER |
02452nam a2200553 i 4500 |
| 001 |
nkc20243644231 |
| 003 |
CZ PrNK |
| 005 |
20241218131447.0 |
| 007 |
ta |
| 008 |
241120s2024 xr a b 000 j cze |
| 015 |
|
|
|a cnb003644231
|
| 020 |
|
|
|a 978-80-7346-333-5
|q (vázáno)
|
| 035 |
|
|
|a (OCoLC)1483792049
|
| 040 |
|
|
|a ABG001
|b cze
|d ABA001
|e rda
|
| 072 |
|
7 |
|a 821.162.3-3
|x Česká próza
|2 Konspekt
|9 25
|
| 072 |
|
7 |
|a 821-93
|x Literatura pro děti a mládež (beletrie)
|2 Konspekt
|9 26
|
| 080 |
|
|
|a 821.162.3-32
|2 MRF
|
| 080 |
|
|
|a 821-93
|2 MRF
|
| 080 |
|
|
|a 398.332.416
|2 MRF
|
| 080 |
|
|
|a (0:82-32)
|2 MRF
|
| 100 |
1 |
|
|a Bakonyi Selingerová, Ludmila,
|d 1987-
|7 ola2014845244
|4 aut
|
| 245 |
1 |
0 |
|a Pohádkový advent /
|c Ludmila Bakonyi Selingerová, Alena Vorlíčková, Alžběta Bublanová, Jiří Raichl, M.A. Svobodová, Denisa Kimlová, Petra Johansson
|
| 250 |
|
|
|a První vydání
|
| 264 |
|
1 |
|a Olomouc :
|b Rubico,
|c 2024
|
| 300 |
|
|
|a 102 stran :
|b ilustrace (převážně barevné),
|c 24 cm
|
| 336 |
|
|
|a text
|b txt
|2 rdacontent
|
| 337 |
|
|
|a bez média
|b n
|2 rdamedia
|
| 338 |
|
|
|a svazek
|b nc
|2 rdacarrier
|
| 490 |
1 |
|
|a Pohádky
|
| 520 |
2 |
|
|a Kniha přináší 24 vánočních pohádek - stejně jako v adventním kalendáři.
|b Pohádky seznamují děti s tradičními postavami, jako jsou andělé, čerti či Mikuláš, ale i se zvířátky a kouzelnými bytostmi. Za každou pohádkou čeká děti krátký úkol nebo aktivita, která je hravou formou zapojuje do vánočních tradic a připraví je na sváteční dny. Nakladatelská anotace.
|
| 650 |
0 |
7 |
|a Vánoce
|7 ph117162
|2 czenas
|
| 650 |
0 |
9 |
|a Christmas
|2 eczenas
|
| 655 |
|
7 |
|a české příběhy
|7 fd133973
|2 czenas
|
| 655 |
|
7 |
|a publikace pro děti
|7 fd133156
|2 czenas
|
| 655 |
|
9 |
|a Czech stories
|2 eczenas
|
| 655 |
|
9 |
|a children's literature
|2 eczenas
|
| 700 |
1 |
|
|a Vorlíčková, Alena,
|d 1966-
|7 jx20100209042
|4 aut
|
| 700 |
1 |
|
|a Bublanová, Alžběta,
|d 1984-
|7 xx0149542
|4 aut
|
| 700 |
1 |
|
|a Raichl, Jiří,
|d 1966-
|7 xx0224757
|4 aut
|
| 700 |
1 |
|
|a Svobodová, Monika Alžběta,
|d 1982-
|7 xx0260865
|4 aut
|
| 700 |
1 |
|
|a Kimlová, Denisa
|7 xx0265659
|4 aut
|
| 700 |
1 |
|
|a Johansson, Petra,
|d 1972-
|7 xx0260750
|4 aut
|
| 830 |
|
0 |
|a Pohádky (Rubico)
|0 s
|
| 910 |
2 |
|
|a BOA001
|b 2-1537.015
|
| 920 |
|
|
|a 5031710
|z ABG001
|
| 990 |
|
|
|a BK
|
| 995 |
|
|
|a 01
|
| 991 |
|
|
|b 202412
|c NOV
|
| 996 |
6 |
|
|b 2610989180
|c 2-1537.015
|l MZK
|r Sklad / do 1 hodiny
|n 0
|p p.v.
|w 001987886
|u 000010
|a 1
|e BOA001
|j MZK50
|s P
|